00754nam a2200241 a 4500001001300000003000900013005001700022008004100039020002300080082001700103100002500120245006100145260004400206300000900250500003500259505001000294650003500304700002500339902000800364942000700372952011800379999001500497nice12345678IN_TiNIC20260116013049.0050524s1987 newa grp 000 0 eng  a0300953 c55200a291.201bCHR aChristian, William A aDoctrines of Religious Communitiesb Philosophical Study aNew HavenbYale University Press c1987 a234p aincludes index and biblioraphy2 aindex aComparative Religion-Doctrines1 aChristian, William A bSRS cBK 001040708StackRoom-aHMIbHMId2007-07-18g552.00l0o291.201 CHRp015060r2007-07-18v552.00w2005-05-24yBK c9497d9497